000 01666cam a2200337 a 4500
001 EDZ0000104815
003 StDuBDS
005 20161031105210.0
006 m||||||||d||||||||
007 cr |||||||||||
008 121017s2010 cauac fo| 001|0|eng d
020 _a9781452274676 (ebook) :
_cNo price
040 _aStDuBDS
_beng
_cStDuBDS
_epn
049 _aAlfaisal Main Library
050 0 _aHM736
_b.G37 2010
082 0 4 _a302.34
_223
100 1 _aGastil, John.
245 1 4 _aThe group in society
_h[electronic resource] /
_cJohn Gastil.
260 _aLos Angeles, Calif. ;
_aLondon :
_bSAGE,
_cc2010.
300 _a1 online resource (xv, 309 p.) :
_bill., ports.
520 8 _a'The Group in Society' meets the challenges of teaching courses on small groups by revealing the full complexity of small groups and their place in society. It shows students the value of learning how to study carefully a group's history and context, rather than merely learning a fixed set of group participation skills. The text brings together disparate theories and research (from communication, social psychology, organizational and managerial studies, and sociology) in a way that helps students make sense of a complex body of scholarship on groups.
521 _aSpecialized.
588 _aDescription based on print version record.
504 _aIncludes bibliographical references and index.
650 0 _aSmall groups.
655 7 _aElectronic books.
_2local
710 2 _aSage eBooks
776 0 8 _iPrint version :
_z9781412924689
856 4 0 _uhttp://ezproxy.alfaisal.edu/login?url=http://sk.sagepub.com/books/the-group-in-society
942 _2lcc
_cEBOOKS
999 _c481526
_d481526